Physics of the upper atmosphere (Record no. 192409)
[ view plain ]
| 000 -LEADER | |
|---|---|
| fixed length control field | 00405nam a2200157Ia 4500 |
| 008 - FIXED-LENGTH DATA ELEMENTS--GENERAL INFORMATION | |
| fixed length control field | 231217s9999 xx 000 0 und d |
| 020 ## - INTERNATIONAL STANDARD BOOK NUMBER | |
| International Standard Book Number | 012582050x |
| 041 ## - LANGUAGE CODE | |
| Language code of text/sound track or separate title | English |
| 082 ## - DEWEY DECIMAL CLASSIFICATION NUMBER | |
| Classification number | 530 RAT;1 R |
| 100 ## - MAIN ENTRY--PERSONAL NAME | |
| Personal name | Ratcliffe, J A ed. |
| 245 #0 - TITLE STATEMENT | |
| Title | Physics of the upper atmosphere |
| 260 ## - PUBLICATION, DISTRIBUTION, ETC. | |
| Date of publication, distribution, etc. | 1960 |
| Name of publisher, distributor, etc. | Academic Press |
| Place of publication, distribution, etc. | New York |
| 300 ## - PHYSICAL DESCRIPTION | |
| Extent | xi, 586 |
| 650 ## - SUBJECT ADDED ENTRY--TOPICAL TERM | |
| Topical term or geographic name entry element | Physics,upper,atmosphere |
| 942 ## - ADDED ENTRY ELEMENTS (KOHA) | |
| Koha item type | Books |
| Date last seen | Total checkouts | Full call number | Accession number | Price effective from | Category | Lost status | Damaged status | Department | Withdrawn status | Home library | Current library | Shelving location | Entry date | Grants | Billdate | Currency symbol | Conversion rate | Discount | Old discount |
|---|---|---|---|---|---|---|---|---|---|---|---|---|---|---|---|---|---|---|---|
| 26/01/2024 | 530 RAT;1 R | 78325 | 26/01/2024 | Books | Central Library | Central Library | Central Library | Central Library | 11/05/2011 | DONATED | 23/03/2016 | RS | 1 |
